000 00594nam a22001817a 4500
005 20251108165026.0
008 250721s1982 xx 000 0 ara d
082 1 4 _a541.3/بار
100 1 _aبارو، جوردن م.
245 1 0 _aالكيمياء الفيزيائية /
264 1 _aالقاهره :
_bدار ماكجروهيل للنشر،
_c1982.
300 _a920ص : معجم مصطلحات
650 1 7 _aالفيزياء الطبيعية
650 1 7 _aالفيزياء النظرية
700 1 _aعزام، أحمد محمد
_eترجمة
942 _2ddc
_cBK
999 _c20228
_d20228